The New England town meeting (Record no. 18565)
[ view plain ]
| 000 -LEADER | |
|---|---|
| fixed length control field | 01347nam a2200337 a 4500 |
| 082 04 - DEWEY DECIMAL CLASSIFICATION NUMBER | |
| Classification number | 320.4744 |
| 100 1# - MAIN ENTRY--AUTHOR NAME | |
| Personal name | Zimmerman, Joseph Francis, |
| 245 14 - TITLE STATEMENT | |
| Title | The New England town meeting |
| 260 ## - PUBLICATION, DISTRIBUTION, ETC. (IMPRINT) | |
| Place of publication | Westport, Conn. : |
| Name of publisher | Praeger, |
| Year of publication | 1999. |
| 300 ## - PHYSICAL DESCRIPTION | |
| Number of Pages | xii, 231 p. |
| 650 #0 - SUBJECT ADDED ENTRY--TOPICAL TERM | |
| Topical Term | Local government |
| Topical Term | Democracy |
| Topical Term | Political participation |
| Topical Term | Politics, Practical |
| 856 40 - ELECTRONIC LOCATION AND ACCESS | |
| Uniform Resource Identifier | http://site.ebrary.com/lib/rucke/Doc?id=10005614 |
No items available.
